00687nam a2200241 a 4500001001300000003000900013005001700022008004100039020000900080082001700089100001700106245002900123260004000152300000900192500003500201505001800236650002900254700001700283902000800300942000700308952011500315999001500430nice12345678IN_TiNIC20260116011434.0050524s1962 hyda grp 000 0 urd  ac1500a297.409bQUD aQuddusi, A H aTazkira-I-Sufia-I-Punjab aHyderabadbSalman Book Centrec1962 a709p aincludes index and biblioraphy2 aIndex Nominvm aSufism-Hagiogrphy-Punjab1 aQuddusi, A H bSRS cBK 001040708StackRoom-aHMIbHMId2008-11-28g15.00l0o297.409 QUDp02174r2008-11-28v15.00w2005-05-24yBK c1533d1533